Statistics for Uncharted: Drake's Fortune Chapters

Click here to take the quiz!

General Stats

  • This quiz has been taken 189 times
    (49 since last reset)
  • The average score is 12 of 22

Answer Stats

NumberChapter% Correct
1Ambushed
82%
22Showdown
76%
5The Fortress
76%
21Gold And Bones
65%
12Heading Upriver
65%
4Plane-Wrecked
65%
8The Drowned City
65%
2The Search For El Dorado
59%
3A Surprising Find
53%
7Out Of The Frying Pan
53%
10The Customs House
53%
13Sanctuary?
47%
18The Bunker
47%
16The Treasure Vault
47%
11Trapped
47%
19Unwelcome Guests
47%
15On The Trail Of The Treasure
41%
9To The Tower
41%
14Going Underground
35%
17The Heart Of The Vault
35%
20Race To The Rescue
29%
6Unlocking The Past
29%

Score Distribution

Percentile by Number Answered

Percent of People with Each Score

Your Score History

You have not taken this quiz since the last reset